| 000 | 01088cam a22003737a 4500 | ||
|---|---|---|---|
| 003 | CHAP | ||
| 005 | 20220817042137.0 | ||
| 008 | 971013s1980 r 00010 d | ||
| 010 | _a35962 | ||
| 011 | _a36934 | ||
| 035 | _a41053 | ||
| 040 | _cCHAP | ||
| 090 | _aFolleto 6938 | ||
| 110 | _aFAO | ||
| 245 | 0 | _aCuencas fluviales | |
| 260 |
_aRoma : _bFAO, _c1980 |
||
| 300 |
_a62 p. _b: ilus. |
||
| 410 | _aFAO | ||
| 490 | 0 |
_aDocumento técnico de pesca _v; 202m |
|
| 590 |
_aBATCH-UPD _b10 _c20130110 _lUCH01 _h1055 |
||
| 590 |
_aBATCH-UPD _b10 _c20130410 _lUCH01 _h0650 |
||
| 590 |
_aBATCH-UPD _b10 _c20130914 _lUCH01 _h1112 |
||
| 590 |
_aCONVERSION _b10 _c20130109 _lUCH01 _h1320 |
||
| 650 | 1 | 4 |
_aCuencas. _930085 |
| 650 | 1 | 4 | _aPesca. |
| 700 | 0 |
_aWelcomme, Robin L. _9121418 |
|
| 810 | 0 | _aFAO | |
| 830 | 0 | 0 |
_aDocumento técnico de pesca _v; 202m _933242 |
| 901 | _aBK | ||
| 942 | _cFOLL | ||
| 949 |
_aFolleto 6938 _bBC _cFAO _d-94071 _eFAO1 _i41053 _si |
||
| 949 |
_aFolleto 6938 _bBC _cFAO _d-94072 _eFAO2 _fc.2 _i41053 _si |
||
| 949 |
_aFolleto 6938 _bBC _cFAO _d-94073 _eFAO2 _fc.3 _i41053 _si |
||
| 999 |
_c35962 _d35962 |
||